000 00658nam a2200217 a 4500
001 000025832
003 DO-SdBNP
005 20230410102500.0
007 ta
008 110223s1980 dr c 000 0 spa d
040 _aDO-SdBNP
_bspa
_cBNPHU
049 _aBNPD
082 4 _bG615m
_222
100 1 _aGoico Castro, Manuel Jesús de
_923255
245 1 0 _aMiranda :
_bel mas erudito y arrogante de los próceres de América /
_cManuel de Jesús Goico Castro
260 _aSanto Domingo :
_bHorizontes de América,
_c1980.
300 _a41 p. :
_bretr. ;
_c22 cm.
504 _aBibliografía : p. 39-40
590 _aInventariado, 2023/BT
942 _2ddc
_cLF2
999 _c25324
_d25324